000 00392nam a2200145Ia 4500
008 230411s9999 xx 000 0 und d
020 _a978-93-87791-17-6
041 _aeng
082 _aX/200/HIN/B08933
100 _aN Ravi Kumar
245 _aThe Hindu Speaks on Religious Values
260 _bTHG Publishing
_aChennai
_c2018
300 _a747p
999 _c158323
_d158323